[Event "Porto Carras Summer Cup"]
[Site "Porto Carras - Greece"]
[Date "2008.07.14"]
[Round "4.6"]
[White "Walseth, Tron"]
[Black "Makropoulou, M"]
[Result "1/2-1/2"]
[WhiteElo "1988"]
[BlackElo "2244"]
[PlyCount "134"]
[EventDate "2008.07.12"]

1. d4 g6 2. Nf3 Bg7 3. g3 Nf6 4. Bg2 O-O 5. O-O d6 6. a4 Na6 7. Nc3 c5 8. d5
Bd7 9. Nd2 Qc8 10. e4 Bh3 11. Nc4 Re8 12. f4 Bxg2 13. Kxg2 Nd7 14. Qf3 Nb4 15.
Qe2 Qd8 16. g4 Nb6 17. Nxb6 Qxb6 18. f5 Qd8 19. Qf2 Bd4 20. Qh4 e6 21. f6 exd5
22. Bg5 Re5 23. Rf3 dxe4 24. Rh3 Kf8 25. Qxh7 Ke8 26. Qg8+ Kd7 27. Qxf7+ Kc6
28. Bf4 Re8 29. Rd1 Qd7 30. Qxd7+ Kxd7 31. Nb5 Nxc2 32. Nxd6 e3 33. Nxe8 e2 34.
Rh7+ Kc6 35. Rc7+ Kb6 36. a5+ Ka6 37. Rc1 Rxe8 38. Re7 e1=Q 39. Rcxe1 Nxe1+ 40.
Kf1 Rf8 41. f7 Nf3 42. Kg2 g5 43. Kxf3 gxf4 44. b3 b5 45. axb6 axb6 46. h4 Bf6
47. Rd7 Bxh4 48. Kxf4 Kb5 49. g5 Bxg5+ 50. Kxg5 c4 51. bxc4+ Kxc4 52. Rc7+ Kb4
53. Kf6 b5 54. Kg7 Rxf7+ 55. Kxf7 Ka3 56. Ke6 b4 57. Ra7+ Kb2 58. Kd5 b3 59.
Kd4 Kc2 60. Rc7+ Kd2 61. Rh7 b2 62. Rh2+ Kc1 63. Kc3 b1=N+ 64. Kd3 Na3 65. Ra2
Nb1 66. Rc2+ Kd1 67. Rh2 Kc1 1/2-1/2

[Event "Porto Carras Summer Cup"]
[Site "Porto Carras - Greece"]
[Date "2008.07.14"]
[Round "4.7"]
[White "Kutirov, R"]
[Black "Xaxiris, E"]
[Result "1-0"]
[WhiteElo "2372"]
[BlackElo "1983"]
[PlyCount "169"]
[EventDate "2008.07.12"]

1. d4 Nf6 2. c4 e6 3. Nf3 b6 4. g3 Bb7 5. Bg2 Be7 6. O-O O-O 7. d5 exd5 8. Nh4
Ne4 9. cxd5 Nd6 10. Nf3 Bf6 11. Nd4 Re8 12. Nc3 c5 13. Nb3 Na6 14. Bf4 Nc4 15.
Nd2 Nxd2 16. Qxd2 d6 17. Ne4 Be5 18. Bxe5 Rxe5 19. f4 Re8 20. Nc3 Nc7 21. e4
Qd7 22. Rfe1 b5 23. a3 a5 24. e5 dxe5 25. fxe5 Rad8 26. Rad1 b4 27. Ne4 Bxd5
28. Qg5 Qe7 29. Qxe7 Rxe7 30. Nxc5 Ree8 31. Bf1 bxa3 32. bxa3 Rb8 33. Na6 Nxa6
34. Rxd5 Nc7 35. Rxa5 Rb2 36. Ra7 Ne6 37. Bc4 Ng5 38. Re2 Rxe2 39. Bxe2 Kf8 40.
Ra5 Rc8 41. a4 Rc2 42. Kf1 Ke7 43. Rb5 Ne4 44. Bd3 Rc1+ 45. Kg2 Nc5 46. Bxh7
Nxa4 47. Rb7+ Kf8 48. Bf5 Rc5 49. Bd7 Rc2+ 50. Kh3 Nc5 51. Rb8+ Ke7 52. Bb5 Ke6
53. Re8+ Kd5 54. Rc8 Kxe5 55. Rc7 Ke6 56. Be8 f6 57. Bg6 Rc3 58. Rxg7 Nd7 59.
Bf5+ Kxf5 60. Rxd7 Kg6 61. Rd4 Kg5 62. Rg4+ Kh5 63. Rf4 Kg5 64. Kg2 f5 65. h4+
Kg6 66. Rb4 Rc1 67. Rb6+ Kh5 68. Rf6 Rc5 69. Kf3 Rc3+ 70. Kf4 Rc4+ 71. Kxf5
Rc5+ 72. Ke4 Kg4 73. Rg6+ Kh3 74. Rg5 Rc4+ 75. Kd5 Ra4 76. Kc6 Ra6+ 77. Kb5 Re6
78. h5 Rf6 79. g4 Kh4 80. Rg6 Rf1 81. h6 Rh1 82. g5 Kh5 83. Rg7 Rb1+ 84. Kc4
Rc1+ 85. Kb3 1-0

[Event "Porto Carras Summer Cup"]
[Site "Porto Carras - Greece"]
[Date "2008.07.14"]
[Round "4.8"]
[White "Tsevremes, I"]
[Black "Teloudis, A"]
[Result "1-0"]
[WhiteElo "1953"]
[BlackElo "2295"]
[PlyCount "133"]
[EventDate "2008.07.12"]

1. d4 d6 2. Nf3 Bg4 3. c4 Bxf3 4. exf3 c6 5. Qb3 Qc7 6. Nc3 g6 7. Be3 Bg7 8.
Be2 Nf6 9. Rc1 O-O 10. O-O Nbd7 11. Rfe1 e5 12. dxe5 dxe5 13. c5 Rfe8 14. Bc4
Nf8 15. Bg5 Ne6 16. Bxf6 Bxf6 17. Ne4 Bg7 18. Nd6 Re7 19. Bxe6 Rxe6 20. Red1 b6
21. Ne4 Bf8 22. Qc4 Bxc5 23. Nxc5 bxc5 24. Qxc5 Qb6 25. b4 Rb8 26. a3 Kg7 27.
Rd7 Qxc5 28. Rxc5 a6 29. Ra5 Ra8 30. Kf1 e4 31. f4 Kf8 32. Ke2 Ke8 33. Rc7 Rf6
34. g3 Kd8 35. Rb7 Kc8 36. Re7 Kd8 37. Rxe4 Rd6 38. Rae5 Kc7 39. Re7+ Rd7 40.
Rxd7+ Kxd7 41. Re5 f6 42. Ra5 Kc7 43. Kf3 Kb6 44. h4 f5 45. g4 Rf8 46. Re5 Rf7
47. Kg3 h5 48. f3 Rf6 49. a4 Rf7 50. a5+ Kc7 51. Re6 Rg7 52. g5 Kd7 53. Rf6 Rg8
54. Kf2 Rb8 55. Rxg6 Rxb4 56. Rf6 Rb5 57. g6 Ke7 58. g7 Rb8 59. Rxf5 Rg8 60.
Rg5 Kf7 61. Ke3 Rxg7 62. Rxg7+ Kxg7 63. Kd4 Kf6 64. Kc5 Kf5 65. Kb6 c5 66. Kxc5
Kxf4 67. Kb6 1-0

[Event "Porto Carras Summer Cup"]
[Site "Porto Carras - Greece"]
[Date "2008.07.14"]
[Round "4.9"]
[White "Klimentov, R"]
[Black "Nikolaidis, Georgios"]
[Result "1-0"]
[WhiteElo "2271"]
[BlackElo "1941"]
[PlyCount "83"]
[EventDate "2008.07.12"]

1. e4 e5 2. Nf3 Nf6 3. Nxe5 d6 4. Nf3 Nxe4 5. Nc3 Nf6 6. d4 Be7 7. d5 Bg4 8.
Be2 Nbd7 9. h3 Bxf3 10. Bxf3 Ne5 11. Be2 O-O 12. Be3 a6 13. a4 Re8 14. O-O Bf8
15. Qd2 Ng6 16. Rae1 Ne4 17. Nxe4 Rxe4 18. b3 Qd7 19. Bd3 Ree8 20. f4 f5 21. c4
Be7 22. Qc2 Rf8 23. Kh2 Rf7 24. Bc1 Bf8 25. Re6 Ne7 26. Bb2 g6 27. Bf6 Bg7 28.
Bxg7 Rxg7 29. Rfe1 Rf8 30. a5 c6 31. Qe2 Rff7 32. dxc6 Nxc6 33. Qf3 Re7 34. Qd5
Rxe6 35. Rxe6 Rf7 36. Rxd6 Qc7 37. c5 Nxa5 38. b4 Nc6 39. Bc4 Nxb4 40. Qe5 Nc6
41. Rxg6+ Kf8 42. Rg8+ 1-0

[Event "Porto Carras Summer Cup"]
[Site "Porto Carras - Greece"]
[Date "2008.07.15"]
[Round "5.1"]
[White "Kanakaris, G"]
[Black "Zubarev, A"]
[Result "1/2-1/2"]
[WhiteElo "2284"]
[BlackElo "2517"]
[PlyCount "63"]
[EventDate "2008.07.12"]

1. d4 Nf6 2. c4 g6 3. Nc3 d5 4. Bg5 Ne4 5. Bh4 Bg7 6. cxd5 Nxc3 7. bxc3 Qxd5 8.
e3 c5 9. Nf3 cxd4 10. cxd4 Nc6 11. Be2 e5 12. Nxe5 Nxe5 13. dxe5 Qa5+ 14. Qd2
Qxd2+ 15. Kxd2 Bxe5 16. Rab1 b6 17. f4 Bg7 18. Rhc1 O-O 19. Bf3 Rb8 20. Rc7 Be6
21. Rxa7 Rfc8 22. Rc1 Rxc1 23. Kxc1 Rc8+ 24. Kd1 h5 25. Be7 Bb2 26. Ba3 Bf6 27.
Bb4 Rd8+ 28. Kc2 Rc8+ 29. Kd2 Rd8+ 30. Kc2 Rc8+ 31. Kd2 Rd8+ 32. Kc2 1/2-1/2

[Event "Porto Carras Summer Cup"]
[Site "Porto Carras - Greece"]
[Date "2008.07.15"]
[Round "5.2"]
[White "Robertsen, Th"]
[Black "Mihailidis, A"]
[Result "1/2-1/2"]
[WhiteElo "2259"]
[BlackElo "2265"]
[PlyCount "41"]
[EventDate "2008.07.12"]

1. e4 e5 2. Nf3 Nc6 3. d4 exd4 4. Nxd4 Nf6 5. Nc3 Bb4 6. Nxc6 bxc6 7. Bd3 d5 8.
exd5 cxd5 9. O-O O-O 10. Bg5 c6 11. Qf3 Be6 12. h3 Re8 13. Ne2 h6 14. Be3 Bf8
15. c3 a5 16. Rae1 Nd7 17. Qg3 Nc5 18. Bc2 Ne4 19. Bxe4 dxe4 20. b3 f5 21. Rd1
1/2-1/2

[Event "Porto Carras Summer Cup"]
[Site "Porto Carras - Greece"]
[Date "2008.07.15"]
[Round "5.3"]
[White "Nikolaidis, K"]
[Black "Ris, R"]
[Result "0-1"]
[WhiteElo "2279"]
[BlackElo "2415"]
[PlyCount "118"]
[EventDate "2008.07.12"]

1. c4 Nf6 2. Nc3 d5 3. cxd5 Nxd5 4. e4 Nb4 5. d3 g6 6. Be2 Bg7 7. h3 c5 8. Be3
b6 9. Qd2 O-O 10. Nf3 Bb7 11. O-O N4c6 12. Bh6 Nd4 13. Bxg7 Kxg7 14. Nxd4 Qxd4
15. Rad1 Nc6 16. Nd5 Rad8 17. Kh1 Ne5 18. f4 Bxd5 19. exd5 Nd7 20. Bf3 Nf6 21.
Rfe1 Rfe8 22. g4 Nxd5 23. Re4 Qf6 24. g5 Qd6 25. d4 c4 26. Re5 e6 27. Bxd5 exd5
28. Rde1 Rxe5 29. Rxe5 f6 30. gxf6+ Qxf6 31. Qe3 Rd7 32. Qf3 Qc6 33. Qg4 Rf7
34. f5 Qd7 35. fxg6 hxg6 36. Qg2 Rf5 37. Qe2 Kf7 38. Kg2 Rxe5 39. Qxe5 Qe6 40.
Qf4+ Kg7 41. Qc7+ Qf7 42. Qe5+ Kh7 43. Kg3 Qf5 44. Qe7+ Kh6 45. Qxa7 Qd3+ 46.
Kg2 Qc2+ 47. Kg3 Qxb2 48. Qf7 Qc3+ 49. Kg2 Qc2+ 50. Kg3 Qd3+ 51. Kg2 Qf5 52.
Qg8 Qe4+ 53. Kg3 Qe3+ 54. Kg2 Qxd4 55. Qf8+ Kg5 56. Qe7+ Kf4 57. Qf7+ Ke3 58.
Qf2+ Kd3 59. Qf1+ Kc2 0-1

[Event "Porto Carras Summer Cup"]
[Site "Porto Carras - Greece"]
[Date "2008.07.15"]
[Round "5.4"]
[White "Gutmann, Alois"]
[Black "Kutirov, R"]
[Result "0-1"]
[WhiteElo "2039"]
[BlackElo "2372"]
[PlyCount "62"]
[EventDate "2008.07.12"]

1. d4 d5 2. c4 c6 3. Nf3 Nf6 4. Nc3 e6 5. Bg5 h6 6. Bh4 g5 7. Bg3 dxc4 8. e4 b5
9. Ne5 Bb7 10. h4 Rg8 11. hxg5 hxg5 12. Be2 Nbd7 13. Bh5 Nxe5 14. Bxe5 Bg7 15.
Bxf6 Qxf6 16. e5 Qe7 17. Ne4 O-O-O 18. Nd6+ Rxd6 19. exd6 Qxd6 20. Qd2 Bxd4 21.
O-O-O c5 22. Bxf7 Rf8 23. Rh7 Be4 24. Rg7 Bd3 25. Rg8 Kd7 26. Qxg5 Bxb2+ 27.
Kd2 Rxg8 28. Bxg8 Be5 29. g3 Qd4 30. Ke1 Qe4+ 31. Qe3 Bc3+ 0-1

[Event "Porto Carras Summer Cup"]
[Site "Porto Carras - Greece"]
[Date "2008.07.15"]
[Round "5.5"]
[White "Rigo, G"]
[Black "Klimentov, R"]
[Result "1-0"]
[WhiteElo "2016"]
[BlackElo "2271"]
[PlyCount "77"]
[EventDate "2008.07.12"]

1. e4 c5 2. Nf3 g6 3. d4 Bg7 4. dxc5 Qa5+ 5. c3 Qxc5 6. Be3 Qc7 7. Bd3 Nf6 8.
h3 Nc6 9. Na3 O-O 10. Nb5 Qb8 11. a4 d5 12. Nd2 Rd8 13. Qc2 Ne5 14. Be2 dxe4
15. Nxe4 Nxe4 16. Qxe4 Bf5 17. Qh4 Bf6 18. Bg5 Nd3+ 19. Bxd3 Qe5+ 20. Be4 Bxg5
21. Qxg5 Qxe4+ 22. Kf1 e5 23. Kg1 Qe2 24. Kh2 Qxf2 25. Rhf1 Qxb2 26. Rad1 Rxd1
27. Rxd1 Qf2 28. Nc7 Rf8 29. Nd5 h6 30. Qxh6 f6 31. Nxf6+ Kf7 32. Nh7 Qf4+ 33.
Qxf4 exf4 34. Nxf8 Kxf8 35. Rd4 f3 36. gxf3 Ke7 37. h4 Ke6 38. Kg3 Ke5 39. a5
1-0

[Event "Porto Carras Summer Cup"]
[Site "Porto Carras - Greece"]
[Date "2008.07.15"]
[Round "5.6"]
[White "Pavlidis, Anastasios"]
[Black "Pavlidou, E"]
[Result "1/2-1/2"]
[WhiteElo "2270"]
[BlackElo "2034"]
[PlyCount "46"]
[EventDate "2008.07.12"]

1. e4 e5 2. Nf3 Nc6 3. Bb5 a6 4. Ba4 Nf6 5. O-O Be7 6. Re1 b5 7. Bb3 O-O 8. a4
b4 9. c3 d6 10. d4 bxc3 11. bxc3 a5 12. h3 Ba6 13. Bg5 h6 14. Bxf6 Bxf6 15. Bd5
Qe8 16. dxe5 dxe5 17. Na3 Rd8 18. Qc2 Ne7 19. Bc4 Qc6 20. Qe2 Bc8 21. Bb5 Qc5
22. Qc4 Qa7 23. Qa2 Ng6 1/2-1/2

[Event "Porto Carras Summer Cup"]
[Site "Porto Carras - Greece"]
[Date "2008.07.15"]
[Round "5.7"]
[White "Radchenko, M"]
[Black "Demuth, M"]
[Result "0-1"]
[WhiteElo "1892"]
[BlackElo "2252"]
[PlyCount "50"]
[EventDate "2008.07.12"]

1. e4 e6 2. d3 d5 3. Nd2 Nf6 4. Ngf3 Nc6 5. g3 dxe4 6. dxe4 e5 7. Bg2 Bc5 8.
O-O O-O 9. c3 a5 10. Qc2 b6 11. Nb3 Bd6 12. Bg5 h6 13. Bxf6 Qxf6 14. Nbd2 Be6
15. b3 Rad8 16. Nh4 Ne7 17. a3 Rd7 18. b4 Rfd8 19. Nb3 a4 20. Nd2 Bxb4 21. cxb4
Rxd2 22. Qxc7 Bb3 23. Nf3 R2d6 24. Qc3 Rd3 25. Qxe5 Rxf3 0-1

[Event "Porto Carras Summer Cup"]
[Site "Porto Carras - Greece"]
[Date "2008.07.15"]
[Round "5.8"]
[White "Efthimiou, G"]
[Black "Karlovich, A"]
[Result "0-1"]
[WhiteElo "1841"]
[BlackElo "2242"]
[PlyCount "62"]
[EventDate "2008.07.12"]

1. Nf3 d5 2. d4 Bf5 3. c4 e6 4. Nc3 c6 5. e3 Nd7 6. Bd3 Bg6 7. O-O Ngf6 8. b3
Bd6 9. Qc2 Qb8 10. e4 dxe4 11. Nxe4 Nxe4 12. Bxe4 Nf6 13. Bd3 Bh5 14. Ne5 Bxe5
15. dxe5 Qxe5 16. Bb2 Qd6 17. Bxf6 gxf6 18. c5 Qd4 19. Qc4 Rd8 20. Qxd4 Rxd4
21. Bc4 Rg8 22. Kh1 Rg5 23. f3 Rxc5 24. Rfd1 Rxd1+ 25. Rxd1 b5 26. Bd3 Rd5 27.
Bc2 Bg6 28. Rxd5 exd5 29. Bd1 c5 30. g4 c4 31. f4 Bb1 0-1

[Event "Porto Carras Summer Cup"]
[Site "Porto Carras - Greece"]
[Date "2008.07.16"]
[Round "6.1"]
[White "Zubarev, A"]
[Black "Robertsen, T"]
[Result "1-0"]
[WhiteElo "2517"]
[BlackElo "2259"]
[PlyCount "45"]
[EventDate "2008.07.12"]

1. d4 Nf6 2. c4 c5 3. d5 e6 4. Nc3 exd5 5. cxd5 d6 6. Nf3 g6 7. Qa4+ Bd7 8. Qb3
b5 9. Nxb5 Bxb5 10. Qxb5+ Nbd7 11. g3 Bg7 12. Bg2 O-O 13. O-O Re8 14. Nd2 Rb8
15. Qa6 Ne5 16. b3 Rb6 17. Qxa7 Neg4 18. Nc4 Rb4 19. Bd2 Rxc4 20. bxc4 Rxe2 21.
Rab1 Ne8 22. Bf3 Rxd2 23. Rb8 1-0

[Event "Porto Carras Summer Cup"]
[Site "Porto Carras - Greece"]
[Date "2008.07.16"]
[Round "6.2"]
[White "Kutirov, R"]
[Black "Kanakaris, G"]
[Result "1/2-1/2"]
[WhiteElo "2372"]
[BlackElo "2284"]
[PlyCount "94"]
[EventDate "2008.07.12"]

1. d4 Nf6 2. c4 g6 3. Nf3 Bg7 4. g3 O-O 5. Bg2 d6 6. O-O Nbd7 7. Nc3 e5 8. e4
c6 9. b3 Qb6 10. Bb2 exd4 11. Na4 Qa5 12. Nxd4 Nc5 13. Bc3 Qc7 14. Nxc5 dxc5
15. Ne2 Be6 16. Nf4 Rad8 17. Nxe6 fxe6 18. Qe2 Nd7 19. Bxg7 Kxg7 20. f4 e5 21.
Qb2 Rfe8 22. Rad1 Nf8 23. Bh3 Rd4 24. Rd2 Rxd2 25. Qxd2 exf4 26. Rxf4 Ne6 27.
Bxe6 Rxe6 28. Qb2+ Kg8 29. Qa3 b6 30. b4 cxb4 31. Qxb4 c5 32. Qa4 Qe7 33. h4
Rxe4 34. Rxe4 Qxe4 35. Qxa7 Qd4+ 36. Kh1 Qd1+ 37. Kh2 Qe2+ 38. Kh3 Qf1+ 39. Kh2
Qxc4 40. a4 Qe6 41. Qc7 h5 42. Qd8+ Kf7 43. Qc7+ Kf6 44. Qf4+ Ke7 45. Qc7+ Ke8
46. Qb8+ Kf7 47. Qc7+ Kf6 1/2-1/2

[Event "Porto Carras Summer Cup"]
[Site "Porto Carras - Greece"]
[Date "2008.07.16"]
[Round "6.3"]
[White "Ris, R"]
[Black "Valden, P"]
[Result "1-0"]
[WhiteElo "2415"]
[BlackElo "2193"]
[PlyCount "91"]
[EventDate "2008.07.12"]

1. e4 c5 2. Nf3 d6 3. Nc3 Nf6 4. e5 dxe5 5. Nxe5 Nbd7 6. d4 e6 7. Bb5 a6 8.
Bxd7+ Nxd7 9. Qh5 g6 10. Qf3 Qf6 11. Bf4 g5 12. Bxg5 Qxf3 13. Nxf3 cxd4 14.
Nxd4 Rg8 15. Bh4 b5 16. O-O-O Bb7 17. Rhe1 Bxg2 18. f4 Rg4 19. Bg3 O-O-O 20. f5
Nc5 21. fxe6 Rgxd4 22. Rxd4 Rxd4 23. e7 Bxe7 24. Rxe7 Rd7 25. Re5 Ne6 26. Ne4
Rd4 27. Nf6 h6 28. c3 Rc4 29. Ng8 b4 30. Nxh6 bxc3 31. Nxf7 cxb2+ 32. Kxb2 Rc6
33. h4 Nd4 34. h5 Rc2+ 35. Kb1 Rc3 36. Bf2 Nc6 37. Re2 Bf3 38. Nd6+ Kd7 39. Rd2
Ke6 40. h6 Bh5 41. Ne4 Bg6 42. Rd6+ Ke5 43. Rxg6 Kxe4 44. h7 Rh3 45. Rg4+ Kf5
46. Rh4 1-0

[Event "Porto Carras Summer Cup"]
[Site "Porto Carras - Greece"]
[Date "2008.07.16"]
[Round "6.4"]
[White "Mihailidis, A"]
[Black "Rigo, G"]
[Result "1-0"]
[WhiteElo "2265"]
[BlackElo "2016"]
[PlyCount "69"]
[EventDate "2008.07.12"]

1. e4 c5 2. c3 g6 3. d4 cxd4 4. cxd4 d5 5. Nc3 dxe4 6. Bc4 Nf6 7. Qb3 e6 8. d5
exd5 9. Nxd5 Nxd5 10. Bxd5 Qe7 11. Qc3 Qb4 12. Bd2 Qxc3 13. Bxc3 Rg8 14. Ne2
Bg7 15. Rc1 Nd7 16. Bxe4 Nc5 17. Bb1 Bf5 18. Bxf5 gxf5 19. O-O Nd3 20. Rc2 Rc8
21. Rd2 Bxc3 22. Nxc3 Nf4 23. g3 Rc6 24. Nb5 Ke7 25. Rfd1 Nh3+ 26. Kg2 Nf4+ 27.
Kf3 Ne6 28. Rd7+ Kf6 29. Rxb7 a6 30. Nc3 Ng5+ 31. Kg2 f4 32. Nd5+ Kg7 33. Nxf4
Rc2 34. Rdd7 Rf8 35. h4 1-0

[Event "Porto Carras Summer Cup"]
[Site "Porto Carras - Greece"]
[Date "2008.07.16"]
[Round "6.6"]
[White "Karlovich, A"]
[Black "Nikolaidis, K"]
[Result "1/2-1/2"]
[WhiteElo "2242"]
[BlackElo "2279"]
[PlyCount "153"]
[EventDate "2008.07.12"]

1. e4 c5 2. Nf3 Nc6 3. Bb5 Nf6 4. e5 Nd5 5. O-O Nc7 6. a4 g6 7. Re1 Bg7 8. d3
O-O 9. Bxc6 bxc6 10. h3 d6 11. exd6 exd6 12. Bg5 f6 13. Bd2 Rb8 14. Qc1 Nd5 15.
Na3 g5 16. Nc4 h6 17. d4 Ba6 18. Na5 Qb6 19. dxc5 Qxc5 20. Nb3 Qb6 21. Nfd4
Rfe8 22. Nf5 Qc7 23. Nbd4 Qd7 24. c4 Rxe1+ 25. Bxe1 Nf4 26. Qc2 Re8 27. Nxg7
Qxg7 28. Bd2 Ne2+ 29. Nxe2 Rxe2 30. Re1 Rxe1+ 31. Bxe1 Qh7 32. Qb3 Qe7 33. Bc3
Kg7 34. Qc2 Bxc4 35. Bxf6+ Kxf6 36. Qxc4 Qe1+ 37. Kh2 Qe5+ 38. Kg1 Qe1+ 39. Kh2
Qe5+ 40. Kg1 c5 41. Qg8 Qe1+ 42. Kh2 Qe5+ 43. Kg1 Qe1+ 44. Kh2 Qe5+ 45. Kg1 Qe6
46. Qh7 Qe1+ 47. Kh2 Qxf2 48. Qxh6+ Ke5 49. Qxg5+ Ke6 50. b3 d5 51. h4 Qf5 52.
Qxf5+ Kxf5 53. Kg1 Kg4 54. g3 a5 55. Kf2 d4 56. Ke2 Kh5 57. Kf3 Kg6 58. g4 Kh6
59. Ke4 Kg6 60. Kf4 Kg7 61. h5 Kh6 62. Ke4 Kg5 63. Kf3 Kh6 64. Kf4 Kg7 65. g5
Kh7 66. h6 Kg6 67. Ke4 Kh7 68. Kf4 Kg6 69. Kg4 Kh7 70. Kf4 Kg6 71. Ke4 Kh7 72.
Kd3 Kg6 73. Kc4 Kh7 74. b4 cxb4 75. Kxd4 Kg6 76. Kc4 Kh7 77. Kb3 1/2-1/2

[Event "Porto Carras Summer Cup"]
[Site "Porto Carras - Greece"]
[Date "2008.07.16"]
[Round "6.7"]
[White "Walseth, Tr"]
[Black "Pavlidis, Anastasios"]
[Result "0-1"]
[WhiteElo "1988"]
[BlackElo "2270"]
[PlyCount "44"]
[EventDate "2008.07.12"]

1. d4 d5 2. Nf3 Nf6 3. c4 c6 4. Qc2 dxc4 5. Qxc4 Bf5 6. Nc3 e6 7. Qb3 Qb6 8.
Qxb6 axb6 9. Nh4 Bc2 10. Kd2 Bb3 11. Rb1 Bxa2 12. Ra1 Bb4 13. e3 Ne4+ 14. Kc2
Bxc3 15. bxc3 Bb3+ 16. Kb2 Rxa1 17. Kxa1 Nxf2 18. Rg1 b5 19. Be2 Nd7 20. Rf1
Ne4 21. Bf3 Nxc3 22. Kb2 Bc4 0-1

[Event "Porto Carras Summer Cup"]
[Site "Porto Carras - Greece"]
[Date "2008.07.16"]
[Round "6.8"]
[White "Pantovic, D M"]
[Black "Makropoulou, M"]
[Result "0-1"]
[WhiteElo "2153"]
[BlackElo "2244"]
[PlyCount "98"]
[EventDate "2008.07.12"]

1. Nf3 d5 2. d4 Nf6 3. c4 c6 4. Nc3 a6 5. c5 g6 6. Bf4 Bg7 7. h3 O-O 8. e3 b6
9. cxb6 Qxb6 10. b3 c5 11. Be2 cxd4 12. exd4 Ne4 13. Na4 Qb4+ 14. Kf1 Nc6 15.
a3 Qb7 16. Rc1 Bd7 17. g3 Qa7 18. Kg2 e5 19. Bd2 exd4 20. Bd3 Rac8 21. Re1
Bxh3+ 22. Kg1 Bg4 23. Bf4 g5 24. Bd6 Nxd6 25. Bxh7+ Kh8 26. Bb1 Ne4 27. Qd3 f5
28. Kg2 Kg8 29. b4 Qf7 30. Ba2 Rfd8 31. Nb6 Rc7 32. Nh2 Bh5 33. f3 Ne5 34. Qxa6
Rxc1 35. Rxc1 Nf6 36. Rc8 Rxc8 37. Qxc8+ Qe8 38. Qxf5 Nf7 39. Nxd5 Nxd5 40.
Bxd5 Qe2+ 41. Kh3 Qe5 42. g4 Qxf5 43. gxf5 d3 44. f6 Bh8 45. Ng4 Bxg4+ 46. Kxg4
d2 47. Bb3 Bxf6 48. Kf5 Be5 49. a4 Bd6 0-1

[Event "Porto Carras Summer Cup"]
[Site "Porto Carras - Greece"]
[Date "2008.07.17"]
[Round "7.2"]
[White "Kanakaris, G"]
[Black "Ris, R"]
[Result "1-0"]
[WhiteElo "2284"]
[BlackElo "2415"]
[PlyCount "57"]
[EventDate "2008.07.12"]

1. d4 Nf6 2. c4 g6 3. Nc3 d5 4. Nf3 Bg7 5. Qb3 dxc4 6. Qxc4 O-O 7. e4 c6 8. Be3
b5 9. Qb3 Ng4 10. Be2 Nxe3 11. fxe3 a6 12. Rd1 c5 13. O-O Be6 14. Qc2 Qb6 15.
Nd5 Bxd5 16. dxc5 Bxe4 17. Qxe4 Qc6 18. Qxe7 Bf6 19. Qd6 Bxb2 20. Qd2 Ba3 21.
Ng5 Bxc5 22. Nxf7 Qe6 23. Nh6+ Kg7 24. Ng4 Be7 25. Qd4+ Bf6 26. Nxf6 Rxf6 27.
Qxf6+ Qxf6 28. Rxf6 Kxf6 29. Rd8 1-0

[Event "Porto Carras Summer Cup"]
[Site "Porto Carras - Greece"]
[Date "2008.07.17"]
[Round "7.3"]
[White "Malikentzos, S"]
[Black "Kutirov, R"]
[Result "1/2-1/2"]
[WhiteElo "2063"]
[BlackElo "2372"]
[PlyCount "46"]
[EventDate "2008.07.12"]

1. d4 d5 2. Nf3 Nf6 3. c4 c6 4. Nc3 a6 5. e3 Bg4 6. cxd5 Bxf3 7. Qxf3 cxd5 8.
Bd3 Nc6 9. O-O g6 10. Bd2 Bg7 11. Rac1 O-O 12. Qd1 e5 13. dxe5 Nxe5 14. Be2 d4
15. exd4 Qxd4 16. Bg5 Rad8 17. Qxd4 Rxd4 18. Rfd1 Rfd8 19. Rxd4 Rxd4 20. Rd1
Rxd1+ 21. Bxd1 h6 22. Be3 Nfd7 23. Be2 Bf8 1/2-1/2

[Event "Porto Carras Summer Cup"]
[Site "Porto Carras - Greece"]
[Date "2008.07.17"]
[Round "7.4"]
[White "Pavlidis, Anastasios"]
[Black "Karlovich, A"]
[Result "1/2-1/2"]
[WhiteElo "2270"]
[BlackElo "2242"]
[PlyCount "102"]
[EventDate "2008.07.12"]

1. d4 Nf6 2. c4 c5 3. d5 b5 4. cxb5 a6 5. Nc3 axb5 6. e4 b4 7. Nb5 d6 8. Bc4
Nxe4 9. Qe2 Nf6 10. Bf4 Ra6 11. Nxd6+ Rxd6 12. Bb5+ Bd7 13. Bxd6 Qb6 14. Bxd7+
Nbxd7 15. Be5 Nxd5 16. Rd1 Qe6 17. Bg3 Qxe2+ 18. Nxe2 e6 19. Nf4 N7b6 20. Nxd5
Nxd5 21. O-O Kd7 22. a3 bxa3 23. bxa3 c4 24. Rd4 c3 25. Rc1 Bc5 26. Rc4 Rc8 27.
Ra4 Kc6 28. Be5 Kb5 29. Rg4 Bxa3 30. Rb1+ Kc5 31. Bxc3 Nxc3 32. Rb3 Nb5 33. g3
g6 34. Ra4 Rd8 35. Rxb5+ Kxb5 36. Rxa3 Kc6 37. h4 Rd7 38. Ra5 Rd5 39. Ra7 Rd7
40. Ra5 Re7 41. Kg2 e5 42. Ra6+ Kd5 43. h5 gxh5 44. Rh6 f5 45. Rxh5 Rf7 46. Rh6
Rg7 47. Kf3 Rf7 48. Ke3 Ra7 49. Kf3 Ra3+ 50. Kg2 Ra7 51. Rf6 f4 1/2-1/2

[Event "Porto Carras Summer Cup"]
[Site "Porto Carras - Greece"]
[Date "2008.07.17"]
[Round "7.5"]
[White "Makropoulou, M"]
[Black "Demuth, M"]
[Result "1-0"]
[WhiteElo "2244"]
[BlackElo "2252"]
[PlyCount "81"]
[EventDate "2008.07.12"]

1. e4 e6 2. d4 d5 3. Nd2 Nf6 4. e5 Nfd7 5. Bd3 c5 6. c3 Nc6 7. Ngf3 Qb6 8. O-O
cxd4 9. cxd4 Nxd4 10. Nxd4 Qxd4 11. Nf3 Qb6 12. Qa4 Qb4 13. Qc2 Nc5 14. Bd2 Qa4
15. b3 Qd7 16. Be2 d4 17. Bd3 b6 18. a4 Nxd3 19. Qxd3 Bb7 20. Rfd1 Rd8 21. Bg5
Bxf3 22. Qxf3 Be7 23. Be3 d3 24. Qg3 g6 25. Bh6 Qd4 26. Rac1 Qe4 27. h3 d2 28.
Rxd2 Rxd2 29. Bxd2 O-O 30. Bg5 Qb7 31. Rc4 Qd7 32. Kh2 Rd8 33. Rh4 Rc8 34. Bf6
Bxf6 35. exf6 Rc5 36. Qb8+ Rc8 37. Rd4 Qe8 38. Qxa7 e5 39. Rd6 e4 40. Qe7 Qf8
41. Qxf8+ 1-0

[Event "Porto Carras Summer Cup"]
[Site "Porto Carras - Greece"]
[Date "2008.07.17"]
[Round "7.6"]
[White "Teloudis, A"]
[Black "Pavlidou, E"]
[Result "1-0"]
[WhiteElo "2295"]
[BlackElo "2034"]
[PlyCount "73"]
[EventDate "2008.07.12"]

1. e4 c5 2. Nf3 e6 3. b3 Nc6 4. Bb2 Nf6 5. e5 Nd5 6. Nc3 Nxc3 7. Bxc3 b6 8. Bd3
Bb7 9. Be4 Qc7 10. Qe2 Be7 11. O-O g5 12. d3 h5 13. Nd2 Nd4 14. Bxd4 cxd4 15.
Nc4 Bc6 16. a4 g4 17. f4 Bxe4 18. dxe4 O-O-O 19. a5 b5 20. Nd6+ Bxd6 21. exd6
Qxd6 22. Qxb5 Qc6 23. Qe2 d5 24. Ra4 Rd7 25. Rxd4 Qc5 26. Qf2 Rc7 27. exd5 exd5
28. c4 dxc4 29. bxc4 h4 30. Rfd1 Qxa5 31. Rd5 Qc3 32. Rc5 Qa3 33. Rxc7+ Kxc7
34. Qd4 Qb3 35. Qxa7+ Kc8 36. Qc5+ Kb8 37. Qe5+ 1-0

[Event "Porto Carras Summer Cup"]
[Site "Porto Carras - Greece"]
[Date "2008.07.17"]
[Round "7.7"]
[White "Nikolaidis, K"]
[Black "Papadopoulos, Agath"]
[Result "1-0"]
[WhiteElo "2279"]
[BlackElo "2091"]
[PlyCount "76"]
[EventDate "2008.07.12"]

1. d4 d5 2. c4 e6 3. Nc3 Be7 4. cxd5 exd5 5. Bf4 c6 6. e3 Bf5 7. g4 Be6 8. h3
Nd7 9. Bg2 Nb6 10. b3 Nf6 11. Nge2 O-O 12. O-O h5 13. f3 Qd7 14. Qe1 Nh7 15.
Rd1 Rac8 16. Nc1 hxg4 17. hxg4 f5 18. gxf5 Bxf5 19. Nd3 Qe8 20. Ne5 Qh5 21. Ne2
Ng5 22. Ng3 Nh3+ 23. Bxh3 Qxh3 24. Rf2 Bh7 25. Rh2 Qe6 26. Kg2 Nd7 27. Qh1 Nxe5
28. Bxe5 Qg6 29. Rd2 c5 30. dxc5 Bxc5 31. Bd4 Bxd4 32. exd4 Rxf3 33. Kxf3 Rc3+
34. Ke2 Qg4+ 35. Kf2 Qxg3+ 36. Ke2 Qg4+ 37. Kf2 Qg3+ 38. Ke2 Qg4+ $138 1-0

[Event "Porto Carras Summer Cup"]
[Site "Porto Carras - Greece"]
[Date "2008.07.17"]
[Round "7.8"]
[White "Robertsen, T"]
[Black "Klimentov, R"]
[Result "1-0"]
[WhiteElo "2259"]
[BlackElo "2271"]
[PlyCount "63"]
[EventDate "2008.07.12"]

1. e4 c5 2. Nf3 g6 3. d4 cxd4 4. Nxd4 Nf6 5. Nc3 d6 6. Be3 Bg7 7. f3 Nc6 8. Qd2
O-O 9. Bc4 Bd7 10. h4 Ne5 11. Bb3 h5 12. O-O-O Rc8 13. Bg5 Rc5 14. Kb1 Re8 15.
g4 hxg4 16. f4 Nc4 17. Qe2 b5 18. f5 a5 19. fxg6 a4 20. gxf7+ Kxf7 21. Nxa4
bxa4 22. Bxc4+ Kf8 23. Ne6+ Bxe6 24. Bxe6 Qb6 25. Rhf1 Rb8 26. b3 Ke8 27. Bxf6
Bxf6 28. Rxf6 exf6 29. Qxg4 Ke7 30. Bd5 Rf8 31. Qe6+ Kd8 32. Ba8 1-0